| 000 | 00757nam a2200253Ia 4500 | ||
|---|---|---|---|
| 001 | dia_4545 | ||
| 003 | CHAP | ||
| 005 | 20240123142102.0 | ||
| 008 | 220117s1975 xx 000 0 und d | ||
| 010 | _a175206 | ||
| 040 | _cCHAP | ||
| 082 | _a664.07 C38 1975 | ||
| 110 |
_aEscuela Nacional de Agricultura _9150105 |
||
| 245 |
_aCatálogo de Normas de calidad / _c Escuela Nacional de Agricultura, Industrias Agrícolas |
||
| 260 |
_aMéxico : _b E. N. A., _c1975 |
||
| 300 | _ax, 188 p. | ||
| 503 | _aC/e | ||
| 650 |
_aNormas de calidad _9156149 |
||
| 710 |
_aEscuela Nacional de Agricultura _9150105 |
||
| 901 | _a664.07 C38 1975 | ||
| 902 | _aM | ||
| 905 | _a0000001975 mx x 0000000000spa00 | ||
| 942 |
_cLIBRO _2ddc |
||
| 999 |
_c175206 _d175206 |
||